000 00335pab a2200145 454500
008 180718b1990 xxu||||| |||| 00| 0 eng d
100 _aSingh, Amrik
245 _aPunjab
_bThe changing scenario
260 _c1990
300 _a35-6,157
362 _a27 Oct.
650 _aPunjab - Politics
773 _aMainstream
909 _a16976
999 _c16976
_d16976